| 000 | 00632nam a22001697a 4500 | ||
|---|---|---|---|
| 003 | ASAB | ||
| 005 | 20180827062837.0 | ||
| 008 | 180511t xxu||||| |||| 00| 0 eng d | ||
| 040 | _cASAB | ||
| 082 | _aThesis 2013 AZ | ||
| 100 |
_aAbida Zulfiqar-sup-Dr. Sheeba Murad Mall _93893 |
||
| 245 |
_aTH-MS-Fe-epsilon Receptor 1- Beta (Fc& RI-B) promoter polymorphism in relation with total serum Immunoglobulin E (IgE) level in Pakistani asthma patients _cAbida Zulfiqar-sup-Dr. Sheeba Murad Mall |
||
| 260 |
_aIslamabad _bASAB (NCVI) _c2013 |
||
| 300 |
_axvi, 81 P _b30 cm |
||
| 630 |
_aVirology and Immunology _93894 |
||
| 942 |
_2ddc _cTH |
||
| 999 |
_c480847 _d480847 |
||